Design for sustainable development: practical examples of SMEs

Salvato in:
Dettagli Bibliografici
Ente Autore: European Foundation
Natura: testo
Pubblicazione: Dublin: European Foundation
Tags: Aggiungi Tag
Nessun Tag, puoi essere il primo ad aggiungerne!!

MARC

LEADER 00000 a a2200000 04500
001 22766
003
040
090 |a 155800  
110 |a European Foundation  
245 |a Design for sustainable development: practical examples of SMEs  
260 |a Dublin:   |b European Foundation  
300 |a 102 p  
999 |c 11708  |d 11708